UBT Library

MANAGERIAL ECONOMICS AND ORGANIZATIONAL ARCHITECTURE (Record no. 26392)

000 -LEADER
fixed length control field 00328nam a22001337a 4500
008 - FIXED-LENGTH DATA ELEMENTS--GENERAL INFORMATION
fixed length control field 170906b xxu||||| |||| 00| 0 eng d
020 ## - INTERNATIONAL STANDARD BOOK NUMBER
International Standard Book Number 9780073523019
041 ## - LANGUAGE CODE
Language code of text/sound track or separate title eng
080 ## - UNIVERSAL DECIMAL CLASSIFICATION NUMBER
Edition identifier 4th
Universal Decimal Classification number 72
100 ## - Rafti
Rafti 72
101 ## - Shkurtesa
Shkurtesa ARK
245 ## - TITLE STATEMENT
Title MANAGERIAL ECONOMICS AND ORGANIZATIONAL ARCHITECTURE
Statement of responsibility, etc BRICKELY,J,A
942 ## - ADDED ENTRY ELEMENTS (KOHA)
Source of classification or shelving scheme
Item type Books
Holdings
Withdrawn status Lost status Source of classification or shelving scheme Damaged status Not for loan Collection code Permanent location Current location Shelving location Date acquired Total Checkouts Full call number Barcode Date last seen Price effective from Koha item type
          Koleksioni i përgjithshem UBT - Lipjan UBT - Lipjan Koleksioni i përgjithshem 09/06/2017   72 BRI 002-2921549 09/06/2017 09/06/2017 Books
UBT Library © 2015-2024. All rights reserved University Education for Business and Technology